000 00381nam a2200133Ia 4500
003 GCL
008 140319s9999 xx 000 0 ara d
040 _aGCL /
_cGCL
082 0 4 _a301.01
_bز ا
100 1 _aزينب شاهين
245 1 0 _aالاثنوميثودولوجيا رؤية جديدة لدراسة المجتمع /
_cزينب شاهين
300 _a181 ص
490 _a
999 _c37837
_d37837